DC Comics Superheroes - Statistics

General Stats
  • This quiz has been taken 181 times
  • The average score is 24 of 31
Answer Stats
Alter Ego Hero Name % Correct
Bruce Wayne Batman
100%
Barry Allen The Flash
100%
Hal Jordan Green Lantern
99%
Kal-El Superman
99%
Diana Wonder Woman
99%
Dick Grayson Nightwing
97%
Tim Drake Robin
96%
Kara Zor-El Supergirl
95%
Oliver Queen Green Arrow
94%
Arthur Curry Aquaman
93%
Barbara Gordon Batgirl/Oracle
93%
J'onn J'onzz Martian Manhunter
93%
Victor Stone Cyborg
90%
Billy Batson Shazam
89%
Carter Hall Hawkman
84%
Garfield Logan Beast Boy
83%
Shiera Hall Hawkgirl
83%
Kon-El Superboy
82%
Dinah Drake Black Canary
80%
Ray Palmer Atom
78%
Rachel Roth Raven
78%
Koriand'r Starfire
73%
Ronnie Raymond and Martin Stein Firestorm
67%
Kent Nelson Doctor Fate
58%
Ted Kord Blue Beetle
56%
Patrick "Eel" O'Brian Plastic Man
48%
Michael Carter Booster Gold
47%
Jefferson Pierce Black Lightning
44%
Alec Holland Swamp Thing
30%
Jim Corrigan Spectre
29%
Thomas Oscar Morrow Red Tornado
20%
No matching quizzes found
Score Distribution
Percent of People with Each Score
Percentile by Number Answered
Your Score History
You have not taken this quiz